Hospodárska kríza a jej priebeh v období 20. storočia
Krízy a ekonomický vývoj v 20. storočí. Prvá a druhá svetová vojna. Veľká hospodárska kríza v USA v roku 1929. Povojnové obdobie. Prvá konferencia OSN a vznik Rímskeho klubu. Ropná a potravinová kríza.
Salvato in:
| Autore principale: | |
|---|---|
| Natura: | Capitolo di libro |
| Lingua: | slovacco |
| Soggetti: | |
| Tags: |
Nessun Tag, puoi essere il primo ad aggiungerne!!
|
MARC
| LEADER | 00000nla a2200000 4500 | ||
|---|---|---|---|
| 001 | 0204291 | ||
| 005 | 20240502083513.1 | ||
| 041 | 0 | |a slo | |
| 044 | |a CZ | ||
| 245 | 1 | 0 | |a Hospodárska kríza a jej priebeh v období 20. storočia |c Daniela Trnovcová |
| 520 | |a Krízy a ekonomický vývoj v 20. storočí. Prvá a druhá svetová vojna. Veľká hospodárska kríza v USA v roku 1929. Povojnové obdobie. Prvá konferencia OSN a vznik Rímskeho klubu. Ropná a potravinová kríza. | ||
| 610 | 2 | 0 | |a kríza hospodárska |
| 610 | 2 | 0 | |a ropa |
| 610 | 2 | 0 | |a potraviny |
| 610 | 2 | 0 | |a vývoj hospodársky |
| 610 | 2 | 0 | |a organizácie medzinárodné |
| 610 | 2 | 0 | |a história |
| 610 | 2 | 0 | |a globalizácia |
| 100 | 1 | |a Trnovcová, Daniela | |